Pcos Nest: (Record no. 191371)

MARC details
000 -LEADER
fixed length control field 00668nam a22001937a 4500
005 - DATE AND TIME OF LATEST TRANSACTION
control field 20220825113004.0
010 ## - LCCN (DPL NO)
LC control number ENG-134671
020 ## - INTERNATIONAL STANDARD BOOK NUMBER
Terms of availability 250.00
International Standard Book Number 8172653932
035 ## - SYSTEM CONTROL NUMBER
System control number EN-118203
037 ## - SOURCE OF ACQUISITION
Source of stock number/acquisition DBAD/PUB
082 ## - DEWEY DECIMAL CLASSIFICATION NUMBER
Classification number 618.7
100 ## - MAIN ENTRY--PERSONAL NAME
Personal name Pachore,VikasS.
245 ## - TITLE STATEMENT
Title Pcos Nest:
Remainder of title For awareness and education of Polycystic ovary syndrome
Statement of responsibility, etc Vikas S.Pachore , Vishakha V.Pachore
260 ## - PUBLICATION, DISTRIBUTION, ETC. (IMPRINT)
Place of publication, distribution, etc Pune
Name of publisher, distributor, etc Snehavardhan Publishing House
Date of publication, distribution, etc 2019
270 ## - ADDRESS
Address Snehavardhan ,863 Sadashiv Peth ,Behind Mahatma Phule Sabhagurh
City Pune
Postal code 411030
Telephone number 9423643131
300 ## - PHYSICAL DESCRIPTION
Extent 200p.
Dimensions 22cm(pbk)
700 ## - ADDED ENTRY--PERSONAL NAME
Personal name Vishakha V.Pachore
942 ## - ADDED ENTRY ELEMENTS (KOHA)
Source of classification or shelving scheme Dewey Decimal Classification
Item type English Books
Classification part 618.7
Call number suffix PAC
Holdings
Withdrawn status Lost status Not for loan Collection code Home library Current library Date acquired Source of acquisition Cost, normal purchase price Full call number Barcode Copy number Cost, replacement price Koha item type
      Non-fiction Community Library Lodhi Road Community Library Lodhi Road 25/08/2022 DBAD/PUB 250.00 618.7 PAC EN-118203 1 250.00 English Books

© Delhi Public Library
Hit Counter
free hit counter